<?xml version="1.0" encoding="UTF-8"?><?xml-stylesheet type="text/xsl" href="static/style.xsl"?><OAI-PMH xmlns="http://www.openarchives.org/OAI/2.0/" xmlns:xsi="http://www.w3.org/2001/XMLSchema-instance" xsi:schemaLocation="http://www.openarchives.org/OAI/2.0/ http://www.openarchives.org/OAI/2.0/OAI-PMH.xsd"><responseDate>2026-04-17T03:37:39Z</responseDate><request verb="GetRecord" identifier="oai:www.recercat.cat:2117/446695" metadataPrefix="marc">https://recercat.cat/oai/request</request><GetRecord><record><header><identifier>oai:recercat.cat:2117/446695</identifier><datestamp>2026-01-15T04:32:37Z</datestamp><setSpec>com_2072_1033</setSpec><setSpec>col_2072_452950</setSpec></header><metadata><record xmlns="http://www.loc.gov/MARC21/slim" xmlns:dcterms="http://purl.org/dc/terms/" xmlns:xsi="http://www.w3.org/2001/XMLSchema-instance" xmlns:doc="http://www.lyncode.com/xoai" xsi:schemaLocation="http://www.loc.gov/MARC21/slim http://www.loc.gov/standards/marcxml/schema/MARC21slim.xsd">
   <leader>00925njm 22002777a 4500</leader>
   <datafield ind2=" " ind1=" " tag="042">
      <subfield code="a">dc</subfield>
   </datafield>
   <datafield ind2=" " ind1=" " tag="720">
      <subfield code="a">Siudek, Malgorzata</subfield>
      <subfield code="e">author</subfield>
   </datafield>
   <datafield ind2=" " ind1=" " tag="720">
      <subfield code="a">Mezcua, Mar</subfield>
      <subfield code="e">author</subfield>
   </datafield>
   <datafield ind2=" " ind1=" " tag="720">
      <subfield code="a">Circosta, C.</subfield>
      <subfield code="e">author</subfield>
   </datafield>
   <datafield ind2=" " ind1=" " tag="720">
      <subfield code="a">Maraston, Claudia</subfield>
      <subfield code="e">author</subfield>
   </datafield>
   <datafield ind2=" " ind1=" " tag="720">
      <subfield code="a">Moustakas, John</subfield>
      <subfield code="e">author</subfield>
   </datafield>
   <datafield ind2=" " ind1=" " tag="720">
      <subfield code="a">Zou, H.</subfield>
      <subfield code="e">author</subfield>
   </datafield>
   <datafield ind2=" " ind1=" " tag="720">
      <subfield code="a">Aguilar, Jessica Nicole</subfield>
      <subfield code="e">author</subfield>
   </datafield>
   <datafield ind2=" " ind1=" " tag="720">
      <subfield code="a">Ahlen, Steven</subfield>
      <subfield code="e">author</subfield>
   </datafield>
   <datafield ind2=" " ind1=" " tag="720">
      <subfield code="a">Pérez Ràfols, Ignasi</subfield>
      <subfield code="e">author</subfield>
   </datafield>
   <datafield ind2=" " ind1=" " tag="260">
      <subfield code="c">2025-08-01</subfield>
   </datafield>
   <datafield ind2=" " ind1=" " tag="520">
      <subfield code="a">Aims. Active galactic nuclei (AGN) are typically identified through their distinctive X-ray or radio emissions, mid-infrared (MIR) colors, or emission lines. However, each method captures different subsets of AGN due to signal-to-noise (S/N) limitations, redshift coverage, and extinction effects, underscoring the necessity for a multiwavelength approach for comprehensive AGN samples. This study explores the effectiveness of spectral energy distribution (SED) fitting as a robust method for AGN identification. Methods. Using CIGALE optical-MIR SED fits on DESI Early Data Release galaxies, we compare SED-based AGN selection (AGNFRAC = 0.1) with traditional methods including BPT diagrams, WISE colors, X-ray, and radio diagnostics. Resuts. The SED fitting identifies ~70% of narrow- and broad-line AGN and 87% of WISE-selected AGN. Incorporating high S/N WISE photometry reduces star-forming galaxy contamination from 62% to 15%. Initially, ~50% of SED-AGN candidates are undetected by standard methods, but additional diagnostics classify ~85% of these sources, revealing low-ionization nuclear emission-line regions and retired galaxies potentially representing evolved systems with weak AGN activity. Further spectroscopic and multiwavelength analysis will be essential to determine the true AGN nature of these sources. Conclusions. SED fitting provides complementary AGN identification, unifying multiwavelength AGN selections. This approach enables more complete – albeit somewhat contaminated – AGN samples, which are essential for upcoming large-scale surveys where spectroscopic diagnostics may be limited.</subfield>
   </datafield>
   <datafield ind2=" " ind1=" " tag="520">
      <subfield code="a">Postprint (published version)</subfield>
   </datafield>
   <datafield tag="653" ind2=" " ind1=" ">
      <subfield code="a">Àrees temàtiques de la UPC::Física::Astronomia i astrofísica</subfield>
   </datafield>
   <datafield tag="653" ind2=" " ind1=" ">
      <subfield code="a">Catalogs</subfield>
   </datafield>
   <datafield tag="653" ind2=" " ind1=" ">
      <subfield code="a">Galaxies: active</subfield>
   </datafield>
   <datafield tag="653" ind2=" " ind1=" ">
      <subfield code="a">Galaxies: evolution</subfield>
   </datafield>
   <datafield tag="653" ind2=" " ind1=" ">
      <subfield code="a">Galaxies: general</subfield>
   </datafield>
   <datafield tag="653" ind2=" " ind1=" ">
      <subfield code="a">Galaxies: nuclei</subfield>
   </datafield>
   <datafield tag="653" ind2=" " ind1=" ">
      <subfield code="a">Galaxies: Seyfert</subfield>
   </datafield>
   <datafield ind2="0" ind1="0" tag="245">
      <subfield code="a">Beyond traditional diagnostics: Identifying active galactic nuclei using spectral energy distribution fitting in DESI data</subfield>
   </datafield>
</record></metadata></record></GetRecord></OAI-PMH>